000 00378nam a2200145Ia 4500
008 230312s9999||||xx |||||||||||||| ||und||
020 _a9781305107120
082 _a005.432
_bCAR-G
100 _aPerrott,Sara
245 0 _aWindows Server 2019 and Poweshell for dummies
260 _bCengage
_aUSA
_c2017
300 _a652
650 _aComputer
_vOperating Systems
942 _cBK
999 _c16514
_d16514